Modern Baseball, Your Graduation- Lyrics - Statistics

General Stats
  • This quiz has been taken 125 times
  • The average score is 234 of 304
Answer Stats
Answer % Correct
. i
98%
. it
95%
. a
93%
. be
92%
. in
88%
. the
88%
. who
88%
. you
88%
. for
86%
. its
86%
. of
86%
. about
85%
. been
85%
. day
85%
. every
85%
. me
85%
. so
85%
. thinking
85%
. your
85%
. hours
83%
. sometimes
83%
. that
83%
. to
83%
. years
83%
. how
81%
. miss
81%
. no
81%
. passing
81%
. bottom
80%
. drunk
80%
. friends
80%
. go
80%
. on
80%
. see
80%
. thought
80%
. where
80%
. and
78%
. as
78%
. guess
78%
. haven't
78%
. i'll
78%
. months
78%
. seen
78%
. staircase
78%
. stand
78%
. there
78%
. up
78%
. fucking
76%
. not
76%
. one
76%
. said
76%
. too
76%
. way
76%
. would
76%
. bullshit
75%
. complained
75%
. few
75%
. forever
75%
. get
75%
. knowing
75%
. most
75%
. only
75%
. saw
75%
. talk
75%
. three
75%
. us
75%
. walk
75%
. whole
75%
. youre
75%
. if
73%
. love
73%
. my
73%
. never
73%
. nights
73%
. out
73%
. sidewalk
73%
. stood
73%
. awake
71%
. away
71%
. i've
71%
. sitting
71%
. wide
71%
. yet
71%
. him
69%
. let
69%
. shoes
69%
. werent
69%
. could
68%
. from
68%
. pavement
68%
. spent
68%
. time
68%
. just
66%
. oh
66%
. this
66%
. against
64%
. call
63%
. tonight
63%
. why
63%
. spend
61%
. swear
59%
. bandit
58%
. many
58%
. crook
56%
. forget
56%
. hundreth
56%
. reason
56%
. all
54%
. missing
54%
. was
54%
. aint
53%
. called
53%
. damn
53%
. heart
53%
. i'd
53%
. stop
53%
. ahead
51%
. pretending
51%
. remember
51%
. told
51%
. good
49%
. those
49%
. wishing
49%
. countless
47%
. has
47%
. gotta
46%
. other
46%
. used
42%
. brushed
29%
No matching quizzes found
Score Distribution
Percent of People with Each Score
Percentile by Number Answered
Your Score History
You have not taken this quiz